[Event "Open"]
[Site "Maastricht, NL"]
[Date "2024.05.17"]
[Round "1"]
[White "Micottis, Dorian"]
[Black "Warmerdam, Max"]
[Result "0-1"]
[Board "1"]
[WhiteFideId "26021986"]
[BlackFideId "1048104"]
[WhiteTitle "FM"]
[BlackTitle "GM"]
[WhiteElo "2254"]
[BlackElo "2652"]
[WhiteTeam "FRA"]
[BlackTeam "NED"]
[WhiteClock "0:01:01"]
[BlackClock "0:37:35"]
[Variant "Standard"]

1. e4 {[%clk 2:00:26]}  c5 {[%clk 2:00:25]} 2. Nf3 {[%clk 2:00:28]}  d6 {[%clk 2:00:34]} 3. Bb5+ {[%clk 1:59:42]}  Bd7 {[%clk 2:00:19]} 4. Bxd7+ {[%clk 1:59:27]}  Nxd7 {[%clk 2:00:26]} 5. O-O {[%clk 1:58:09]}  e6 {[%clk 1:58:56]} 6. d4 {[%clk 1:52:59]}  cxd4 {[%clk 1:58:57]} 7. Nxd4 {[%clk 1:53:10]}  a6 {[%clk 1:55:17]} 8. c4 {[%clk 1:48:56]}  Ngf6 {[%clk 1:54:26]} 9. Qe2 {[%clk 1:48:19]}  Qa5 {[%clk 1:53:36]} 10. Rd1 {[%clk 1:45:42]}  Rc8 {[%clk 1:47:52]} 11. b3 {[%clk 1:43:28]}  Be7 {[%clk 1:40:58]} 12. Bb2 {[%clk 1:43:19]}  Qh5 {[%clk 1:40:17]} 13. Qxh5 {[%clk 1:37:05]}  Nxh5 {[%clk 1:40:10]} 14. Nc3 {[%clk 1:37:14]}  g5 {[%clk 1:39:14]} 15. f3 {[%clk 1:32:39]}  Rg8 {[%clk 1:35:59]} 16. g3 {[%clk 1:29:40]}  Nhf6 {[%clk 1:34:29]} 17. Rd2 {[%clk 1:19:21]}  h5 {[%clk 1:26:00]} 18. Kg2 {[%clk 1:16:35]}  Bd8 {[%clk 1:21:13]} 19. Ba3 {[%clk 1:04:27]}  Nc5 {[%clk 1:18:50]} 20. Re1 {[%clk 1:00:21]}  Bc7 {[%clk 1:12:19]} 21. Nf5 {[%clk 0:21:39]}  exf5 {[%clk 1:08:25]} 22. e5 {[%clk 0:20:35]}  dxe5 {[%clk 1:08:03]} 23. Bxc5 {[%clk 0:20:39]}  Rd8 {[%clk 1:06:13]} 24. Rxd8+ {[%clk 0:16:43]}  Kxd8 {[%clk 1:06:09]} 25. Rd1+ {[%clk 0:15:39]}  Kc8 {[%clk 1:03:11]} 26. Be7 {[%clk 0:14:54]}  Bd8 {[%clk 1:02:21]} 27. Rxd8+ {[%clk 0:13:46]}  Rxd8 {[%clk 1:02:31]} 28. Bxf6 {[%clk 0:13:51]}  Rd2+ {[%clk 1:02:40]} 29. Kg1 {[%clk 0:12:55]}  Kd7 {[%clk 0:58:43]} 30. Bxe5 {[%clk 0:12:03]}  Ke6 {[%clk 0:58:53]} 31. f4 {[%clk 0:11:46]}  f6 {[%clk 0:58:05]} 32. Bc7 {[%clk 0:09:26]}  Rc2 {[%clk 0:57:45]} 33. Nd5 {[%clk 0:08:39]}  Rxa2 {[%clk 0:57:00]} 34. Bd8 {[%clk 0:07:52]}  g4 {[%clk 0:55:03]} 35. Bxf6 {[%clk 0:07:26]}  Ra3 {[%clk 0:55:09]} 36. b4 {[%clk 0:07:23]}  b5 {[%clk 0:54:35]} 37. Bb2 {[%clk 0:03:53]}  Rb3 {[%clk 0:48:56]} 38. Be5 {[%clk 0:03:13]}  bxc4 {[%clk 0:48:47]} 39. Nc7+ {[%clk 0:01:44]}  Kf7 {[%clk 0:42:58]} 40. Kf2 {[%clk 0:01:37]}  Ra3 {[%clk 0:42:44]} 41. Ke2 {[%clk 0:00:34]}  Ra2+ {[%clk 0:41:10]} 42. Ke1 {[%clk 0:00:22]}  Rxh2 {[%clk 0:38:44]} 43. Nxa6 {[%clk 0:00:30]}  Rg2 {[%clk 0:38:55]} 44. b5 {[%clk 0:00:23]}  Rxg3 {[%clk 0:39:04]} 45. Nc5 {[%clk 0:00:18]}  Rg1+ {[%clk 0:39:05]} 46. Kf2 {[%clk 0:00:18]}  Rb1 {[%clk 0:39:14]} 47. Kg3 {[%clk 0:00:17]}  Rxb5 {[%clk 0:38:45]} 48. Na4 {[%clk 0:00:21]}  Rb1 {[%clk 0:38:38]} 49. Nc3 {[%clk 0:00:23]}  Rh1 {[%clk 0:38:15]} 50. Nd5 {[%clk 0:00:16]}  h4+ {[%clk 0:38:10]} 51. Kg2 {[%clk 0:00:28]}  Re1 {[%clk 0:38:18]} 52. Nb6 {[%clk 0:00:17]}  Rxe5 {[%clk 0:38:07]} 53. fxe5 {[%clk 0:00:25]}  c3 {[%clk 0:38:18]} 54. e6+ {[%clk 0:00:31]}  Kxe6 {[%clk 0:37:27]} 55. Na4 {[%clk 0:00:39]}  c2 {[%clk 0:37:39]} 56. Nc5+ {[%clk 0:00:51]}  Kd5 {[%clk 0:37:35]} 57. Nd3 {[%clk 0:01:01]} 0-1

[Event "Open"]
[Site "Maastricht, NL"]
[Date "2024.05.17"]
[Round "1"]
[White "Lagarde, Maxime"]
[Black "Klinova, Masha"]
[Result "1/2-1/2"]
[Board "2"]
[WhiteFideId "662399"]
[BlackFideId "2802015"]
[WhiteTitle "GM"]
[BlackTitle "IM"]
[WhiteElo "2622"]
[BlackElo "2248"]
[WhiteTeam "FRA"]
[BlackTeam "ISR"]
[WhiteClock "0:00:26"]
[BlackClock "0:01:23"]
[Variant "Standard"]

1. e4 {[%clk 2:00:26]}  d6 {[%clk 2:00:22]} 2. d4 {[%clk 2:00:17]}  Nf6 {[%clk 2:00:31]} 3. Nc3 {[%clk 2:00:26]}  g6 {[%clk 2:00:08]} 4. Be3 {[%clk 2:00:11]}  a6 {[%clk 2:00:08]} 5. h3 {[%clk 1:55:54]}  Bg7 {[%clk 1:59:21]} 6. g4 {[%clk 1:46:29]}  O-O {[%clk 1:52:04]} 7. Nge2 {[%clk 1:39:26]}  e5 {[%clk 1:50:32]} 8. dxe5 {[%clk 1:33:21]}  dxe5 {[%clk 1:47:16]} 9. g5 {[%clk 1:33:22]}  Nfd7 {[%clk 1:41:17]} 10. h4 {[%clk 1:32:17]}  Nc6 {[%clk 1:40:24]} 11. Nd5 {[%clk 1:30:56]}  Ne7 {[%clk 1:34:34]} 12. Nec3 {[%clk 1:28:57]}  c6 {[%clk 1:30:13]} 13. Nb6 {[%clk 1:28:19]}  Nxb6 {[%clk 1:25:35]} 14. Qxd8 {[%clk 1:28:29]}  Rxd8 {[%clk 1:25:46]} 15. Bxb6 {[%clk 1:28:39]}  Re8 {[%clk 1:25:22]} 16. Rd1 {[%clk 1:24:30]}  Bg4 {[%clk 1:24:53]} 17. Be2 {[%clk 1:24:32]}  Nc8 {[%clk 1:20:46]} 18. Na4 {[%clk 1:24:05]}  Be6 {[%clk 1:10:02]} 19. Be3 {[%clk 1:24:04]}  Bf8 {[%clk 1:08:15]} 20. Nc5 {[%clk 1:21:48]}  Nd6 {[%clk 1:08:02]} 21. Nxe6 {[%clk 1:19:44]}  Rxe6 {[%clk 1:06:00]} 22. Bg4 {[%clk 1:17:12]}  Ree8 {[%clk 1:00:45]} 23. f3 {[%clk 1:17:23]}  Nc4 {[%clk 0:58:38]} 24. Bc1 {[%clk 1:17:23]}  Rad8 {[%clk 0:56:00]} 25. Ke2 {[%clk 1:17:23]}  Bc5 {[%clk 0:55:41]} 26. c3 {[%clk 1:13:41]}  a5 {[%clk 0:55:06]} 27. a4 {[%clk 1:07:30]}  Kf8 {[%clk 0:53:51]} 28. b3 {[%clk 1:05:03]}  Nb6 {[%clk 0:52:53]} 29. Bd2 {[%clk 1:01:43]}  Ke7 {[%clk 0:48:37]} 30. h5 {[%clk 0:46:30]}  Nd7 {[%clk 0:43:35]} 31. f4 {[%clk 0:44:55]}  exf4 {[%clk 0:40:02]} 32. Bxf4 {[%clk 0:44:52]}  Nf8 {[%clk 0:35:58]} 33. Be5 {[%clk 0:43:19]}  Rxd1 {[%clk 0:31:16]} 34. Rxd1 {[%clk 0:37:37]}  Ra8 {[%clk 0:29:20]} 35. Bf6+ {[%clk 0:31:26]}  Ke8 {[%clk 0:29:27]} 36. hxg6 {[%clk 0:28:25]}  hxg6 {[%clk 0:29:23]} 37. Rh1 {[%clk 0:27:13]}  Be7 {[%clk 0:28:59]} 38. Rh8 {[%clk 0:26:29]}  Rd8 {[%clk 0:28:43]} 39. Ke3 {[%clk 0:25:29]}  Rd6 {[%clk 0:25:26]} 40. e5 {[%clk 0:25:09]}  Rd5 {[%clk 0:24:39]} 41. Ke4 {[%clk 0:25:02]}  Rd8 {[%clk 0:22:15]} 42. Rg8 {[%clk 0:23:39]}  Rd2 {[%clk 0:19:53]} 43. Bc8 {[%clk 0:18:59]}  b6 {[%clk 0:20:00]} 44. Bg7 {[%clk 0:10:56]}  Rd8 {[%clk 0:17:50]} 45. Bg4 {[%clk 0:11:05]}  Rd2 {[%clk 0:15:30]} 46. Bh6 {[%clk 0:10:37]}  Rd8 {[%clk 0:14:58]} 47. Bh3 {[%clk 0:07:14]}  Rd1 {[%clk 0:14:29]} 48. Bc8 {[%clk 0:06:02]}  Rd8 {[%clk 0:14:20]} 49. Bg4 {[%clk 0:06:03]}  Rd2 {[%clk 0:14:23]} 50. Kf4 {[%clk 0:04:32]}  Rd3 {[%clk 0:10:41]} 51. c4 {[%clk 0:04:34]}  Rd8 {[%clk 0:10:32]} 52. Ke4 {[%clk 0:03:29]}  Rd2 {[%clk 0:09:45]} 53. Ke3 {[%clk 0:02:56]}  Rd8 {[%clk 0:09:46]} 54. Ke2 {[%clk 0:02:58]}  Bc5 {[%clk 0:08:45]} 55. Bg7 {[%clk 0:02:39]}  Be7 {[%clk 0:08:51]} 56. Rh8 {[%clk 0:01:51]}  Bc5 {[%clk 0:08:43]} 57. e6 {[%clk 0:01:23]}  Be7 {[%clk 0:06:20]} 58. Be5 {[%clk 0:00:52]}  Bxg5 {[%clk 0:05:37]} 59. Bc7 {[%clk 0:00:55]}  Rd2+ {[%clk 0:05:08]} 60. Ke1 {[%clk 0:01:07]}  Rb2 {[%clk 0:03:51]} 61. Bxb6 {[%clk 0:00:42]}  Rxb3 {[%clk 0:03:59]} 62. Bxa5 {[%clk 0:00:38]}  fxe6 {[%clk 0:03:48]} 63. Kd1 {[%clk 0:00:28]}  Bf6 {[%clk 0:03:07]} 64. Rh3 {[%clk 0:00:27]}  Rxh3 {[%clk 0:02:07]} 65. Bxh3 {[%clk 0:00:39]}  Bd4 {[%clk 0:01:32]} 66. Bb4 {[%clk 0:00:31]}  Nd7 {[%clk 0:01:22]} 67. a5 {[%clk 0:00:30]}  Nc5 {[%clk 0:01:23]} 68. Bxc5 {[%clk 0:00:26]} 1/2-1/2

[Event "Open"]
[Site "Maastricht, NL"]
[Date "2024.05.17"]
[Round "1"]
[White "Baltic, Fatih"]
[Black "Gurevich, Mikhail"]
[Result "0-1"]
[Board "3"]
[WhiteFideId "12979090"]
[BlackFideId "200930"]
[WhiteTitle "FM"]
[BlackTitle "GM"]
[WhiteElo "2247"]
[BlackElo "2562"]
[WhiteTeam "GER"]
[BlackTeam "BEL"]
[WhiteClock "0:00:27"]
[BlackClock "0:02:29"]
[Variant "Standard"]

1. e4 {[%clk 1:59:55]}  d6 {[%clk 2:00:18]} 2. Nf3 {[%clk 1:59:54]}  Nf6 {[%clk 2:00:25]} 3. d3 {[%clk 2:00:04]}  g6 {[%clk 2:00:11]} 4. g3 {[%clk 2:00:11]}  Bg7 {[%clk 2:00:18]} 5. Bg2 {[%clk 2:00:21]}  c5 {[%clk 1:58:56]} 6. O-O {[%clk 2:00:09]}  Nc6 {[%clk 1:59:05]} 7. Re1 {[%clk 1:59:45]}  e5 {[%clk 1:57:02]} 8. c3 {[%clk 1:59:23]}  O-O {[%clk 1:56:54]} 9. a3 {[%clk 1:58:37]}  h6 {[%clk 1:55:41]} 10. b4 {[%clk 1:58:35]}  a6 {[%clk 1:54:58]} 11. h3 {[%clk 1:48:55]}  Be6 {[%clk 1:52:34]} 12. Be3 {[%clk 1:44:49]}  cxb4 {[%clk 1:50:42]} 13. axb4 {[%clk 1:36:54]}  d5 {[%clk 1:50:08]} 14. Bc5 {[%clk 1:27:42]}  Re8 {[%clk 1:50:02]} 15. Nbd2 {[%clk 1:25:17]}  Rc8 {[%clk 1:39:19]} 16. b5 {[%clk 1:10:58]}  axb5 {[%clk 1:38:05]} 17. Qb1 {[%clk 1:08:54]}  b6 {[%clk 1:16:50]} 18. Ba3 {[%clk 1:03:47]}  dxe4 {[%clk 1:09:27]} 19. dxe4 {[%clk 1:02:24]}  b4 {[%clk 1:03:56]} 20. Bxb4 {[%clk 1:00:50]}  Nxb4 {[%clk 1:03:24]} 21. cxb4 {[%clk 1:00:55]}  Bf8 {[%clk 1:01:36]} 22. Qb2 {[%clk 0:58:54]}  Nd7 {[%clk 1:01:31]} 23. Bf1 {[%clk 0:57:26]}  Qe7 {[%clk 0:58:00]} 24. Ra4 {[%clk 0:55:40]}  Rc7 {[%clk 0:56:31]} 25. Rc1 {[%clk 0:54:39]}  Rec8 {[%clk 0:56:33]} 26. Rc2 {[%clk 0:54:39]}  Rc6 {[%clk 0:56:33]} 27. Rxc6 {[%clk 0:54:48]}  Rxc6 {[%clk 0:56:44]} 28. Kh2 {[%clk 0:49:59]}  Rc7 {[%clk 0:50:35]} 29. Bc4 {[%clk 0:49:59]}  Qd6 {[%clk 0:50:35]} 30. Bb5 {[%clk 0:50:02]}  f6 {[%clk 0:50:43]} 31. Qa3 {[%clk 0:44:48]}  h5 {[%clk 0:45:25]} 32. Ra7 {[%clk 0:39:12]}  Kf7 {[%clk 0:39:54]} 33. Kg2 {[%clk 0:38:09]}  Rxa7 {[%clk 0:34:07]} 34. Qxa7 {[%clk 0:38:17]}  Qb8 {[%clk 0:34:16]} 35. Qxb8 {[%clk 0:32:11]}  Nxb8 {[%clk 0:34:25]} 36. Nc4 {[%clk 0:32:24]}  Nd7 {[%clk 0:34:26]} 37. Bxd7 {[%clk 0:30:37]}  Bxc4 {[%clk 0:34:31]} 38. b5 {[%clk 0:28:02]}  g5 {[%clk 0:34:22]} 39. Nd2 {[%clk 0:27:25]}  Be2 {[%clk 0:30:28]} 40. Bc6 {[%clk 0:26:41]}  Kg7 {[%clk 0:30:30]} 41. h4 {[%clk 0:24:11]}  Bc5 {[%clk 0:23:58]} 42. Nf1 {[%clk 0:18:40]}  Kf7 {[%clk 0:22:48]} 43. Ne3 {[%clk 0:18:28]}  Bxe3 {[%clk 0:22:53]} 44. fxe3 {[%clk 0:18:39]}  Ke7 {[%clk 0:19:58]} 45. Kf2 {[%clk 0:18:42]}  Bg4 {[%clk 0:18:12]} 46. Bd5 {[%clk 0:18:13]}  gxh4 {[%clk 0:15:59]} 47. gxh4 {[%clk 0:18:22]}  Be6 {[%clk 0:15:55]} 48. Bb7 {[%clk 0:11:45]}  Bd7 {[%clk 0:15:46]} 49. Ke2 {[%clk 0:10:40]}  Bxb5+ {[%clk 0:14:38]} 50. Kd2 {[%clk 0:10:50]}  Kd6 {[%clk 0:14:41]} 51. Bd5 {[%clk 0:10:47]}  Be8 {[%clk 0:14:50]} 52. Bc4 {[%clk 0:10:08]}  Kc5 {[%clk 0:13:07]} 53. Kc3 {[%clk 0:09:48]}  Bb5 {[%clk 0:11:49]} 54. Bf7 {[%clk 0:08:26]}  Be2 {[%clk 0:11:57]} 55. Kd2 {[%clk 0:08:22]}  Bf3 {[%clk 0:12:05]} 56. Kc3 {[%clk 0:07:54]}  b5 {[%clk 0:10:50]} 57. Be8 {[%clk 0:06:59]}  Bd1 {[%clk 0:09:58]} 58. Kd2 {[%clk 0:06:56]}  Bg4 {[%clk 0:10:04]} 59. Kc3 {[%clk 0:06:10]}  Bf3 {[%clk 0:10:08]} 60. Bg6 {[%clk 0:05:28]}  b4+ {[%clk 0:08:24]} 61. Kd3 {[%clk 0:05:30]}  Bg4 {[%clk 0:08:27]} 62. Kd2 {[%clk 0:05:09]}  Kc4 {[%clk 0:08:22]} 63. Bf7+ {[%clk 0:05:21]}  Kb5 {[%clk 0:08:27]} 64. Kc1 {[%clk 0:04:41]}  Bf3 {[%clk 0:08:21]} 65. Kb2 {[%clk 0:04:20]}  Kc5 {[%clk 0:08:12]} 66. Kb3 {[%clk 0:04:03]}  Bd1+ {[%clk 0:07:03]} 67. Kb2 {[%clk 0:04:10]}  Kb5 {[%clk 0:07:11]} 68. Kc1 {[%clk 0:04:08]}  Bf3 {[%clk 0:07:13]} 69. Kb2 {[%clk 0:04:21]}  Kc5 {[%clk 0:07:15]} 70. Kb3 {[%clk 0:04:24]}  Bxe4 {[%clk 0:02:49]} 71. Bxh5 {[%clk 0:04:36]}  Bd5+ {[%clk 0:02:41]} 72. Kb2 {[%clk 0:04:47]}  f5 {[%clk 0:02:13]} 73. Be2 {[%clk 0:02:08]}  Kd6 {[%clk 0:02:15]} 74. Bd3 {[%clk 0:01:42]}  Ke6 {[%clk 0:02:19]} 75. Kc1 {[%clk 0:01:05]}  Kf6 {[%clk 0:02:24]} 76. Be2 {[%clk 0:00:49]}  f4 {[%clk 0:02:05]} 77. exf4 {[%clk 0:01:01]}  exf4 {[%clk 0:02:18]} 78. Kb2 {[%clk 0:01:12]}  Kf5 {[%clk 0:02:25]} 79. Kc2 {[%clk 0:01:02]}  Ke4 {[%clk 0:02:31]} 80. Kb2 {[%clk 0:00:50]}  Ke3 {[%clk 0:02:02]} 81. Bd1 {[%clk 0:00:39]}  Kd4 {[%clk 0:02:05]} 82. Be2 {[%clk 0:00:32]}  f3 {[%clk 0:02:13]} 83. Bf1 {[%clk 0:00:29]}  Ke5 {[%clk 0:02:19]} 84. Bd3 {[%clk 0:00:27]}  Kf4 {[%clk 0:02:29]} 0-1

[Event "Open"]
[Site "Maastricht, NL"]
[Date "2024.05.17"]
[Round "1"]
[White "Vrolijk, Liam"]
[Black "Raasch, Joerg"]
[Result "0-1"]
[Board "4"]
[WhiteFideId "1048333"]
[BlackFideId "4665015"]
[WhiteTitle "GM"]
[WhiteElo "2552"]
[BlackElo "2244"]
[WhiteTeam "NED"]
[BlackTeam "GER"]
[WhiteClock "0:00:36"]
[BlackClock "0:11:17"]
[Variant "Standard"]

1. c4 {[%clk 2:00:26]}  c6 {[%clk 2:00:22]} 2. Nf3 {[%clk 2:00:02]}  d5 {[%clk 2:00:20]} 3. e3 {[%clk 1:59:41]}  Nf6 {[%clk 2:00:20]} 4. d4 {[%clk 1:59:45]}  e6 {[%clk 2:00:24]} 5. Bd3 {[%clk 1:59:38]}  Nbd7 {[%clk 2:00:28]} 6. b3 {[%clk 1:58:55]}  Bd6 {[%clk 1:58:37]} 7. Bb2 {[%clk 1:58:19]}  Qe7 {[%clk 1:58:24]} 8. Ne5 {[%clk 1:46:56]}  Bb4+ {[%clk 1:54:13]} 9. Bc3 {[%clk 1:42:55]}  O-O {[%clk 1:37:16]} 10. f4 {[%clk 1:28:32]}  Ne4 {[%clk 1:26:07]} 11. Bxe4 {[%clk 1:25:19]}  dxe4 {[%clk 1:26:17]} 12. Bxb4 {[%clk 1:22:00]}  Qxb4+ {[%clk 1:26:26]} 13. Qd2 {[%clk 1:18:27]}  Qe7 {[%clk 1:26:30]} 14. Nc3 {[%clk 1:15:49]}  f6 {[%clk 1:17:13]} 15. Nxd7 {[%clk 1:15:10]}  Bxd7 {[%clk 1:15:21]} 16. Nxe4 {[%clk 0:56:21]}  e5 {[%clk 1:14:48]} 17. fxe5 {[%clk 0:45:46]}  fxe5 {[%clk 1:14:23]} 18. d5 {[%clk 0:45:22]}  cxd5 {[%clk 1:07:11]} 19. cxd5 {[%clk 0:40:19]}  Rac8 {[%clk 0:57:18]} 20. d6 {[%clk 0:21:30]}  Qe6 {[%clk 0:48:03]} 21. Rd1 {[%clk 0:08:33]}  Qg6 {[%clk 0:32:18]} 22. Nc3 {[%clk 0:03:09]}  Kh8 {[%clk 0:22:16]} 23. Rf1 {[%clk 0:03:02]}  Qh5 {[%clk 0:22:23]} 24. Rxf8+ {[%clk 0:02:08]}  Rxf8 {[%clk 0:22:33]} 25. g3 {[%clk 0:01:55]}  Qf3 {[%clk 0:14:49]} 26. Qe2 {[%clk 0:01:57]}  Qc6 {[%clk 0:14:15]} 27. Nd5 {[%clk 0:01:14]}  Qxd6 {[%clk 0:13:53]} 28. e4 {[%clk 0:00:56]}  Qc5 {[%clk 0:13:42]} 29. Qe3 {[%clk 0:01:04]}  Qc2 {[%clk 0:11:53]} 30. Nc3 {[%clk 0:00:24]}  Bh3 {[%clk 0:11:37]} 31. Qf3 {[%clk 0:00:36]}  Kg8 {[%clk 0:11:17]} 0-1

[Event "Open"]
[Site "Maastricht, NL"]
[Date "2024.05.18"]
[Round "2"]
[White "Warmerdam, Max"]
[Black "Lenaerts, Lennert"]
[Result "1/2-1/2"]
[Board "1"]
[WhiteFideId "1048104"]
[BlackFideId "211435"]
[WhiteTitle "GM"]
[BlackTitle "FM"]
[WhiteElo "2652"]
[BlackElo "2299"]
[WhiteTeam "NED"]
[BlackTeam "BEL"]
[WhiteClock "0:01:16"]
[BlackClock "0:01:03"]
[Variant "Standard"]

1. c4 {[%clk 1:59:59]}  Nf6 {[%clk 1:58:13]} 2. Nc3 {[%clk 1:59:52]}  e5 {[%clk 1:58:11]} 3. Nf3 {[%clk 2:00:01]}  Nc6 {[%clk 1:51:07]} 4. d3 {[%clk 1:59:55]}  Bb4 {[%clk 1:49:39]} 5. Bd2 {[%clk 1:59:01]}  d5 {[%clk 1:46:36]} 6. cxd5 {[%clk 1:59:02]}  Nxd5 {[%clk 1:46:46]} 7. e3 {[%clk 1:58:49]}  O-O {[%clk 1:42:04]} 8. Be2 {[%clk 1:58:54]}  Be6 {[%clk 1:40:37]} 9. O-O {[%clk 1:58:38]}  Qe7 {[%clk 1:32:54]} 10. Qc2 {[%clk 1:53:16]}  Rad8 {[%clk 1:27:33]} 11. Rac1 {[%clk 1:45:52]}  h6 {[%clk 1:24:54]} 12. a3 {[%clk 1:44:50]}  Nxc3 {[%clk 1:24:43]} 13. Bxc3 {[%clk 1:44:42]}  Bxc3 {[%clk 1:24:10]} 14. Qxc3 {[%clk 1:44:52]}  Bg4 {[%clk 1:22:26]} 15. Qb3 {[%clk 1:37:00]}  Rb8 {[%clk 1:18:59]} 16. Qc4 {[%clk 1:34:31]}  Bh5 {[%clk 1:15:57]} 17. Qc5 {[%clk 1:29:47]}  Qf6 {[%clk 1:09:44]} 18. b4 {[%clk 1:21:57]}  a6 {[%clk 1:09:37]} 19. h3 {[%clk 1:15:34]}  Rfd8 {[%clk 1:06:06]} 20. a4 {[%clk 1:14:53]}  Rbc8 {[%clk 0:53:34]} 21. Rfd1 {[%clk 0:58:15]}  Rd6 {[%clk 0:47:10]} 22. b5 {[%clk 0:56:30]}  axb5 {[%clk 0:45:02]} 23. axb5 {[%clk 0:56:11]}  b6 {[%clk 0:44:39]} 24. Qc3 {[%clk 0:54:48]}  Bxf3 {[%clk 0:44:40]} 25. Bxf3 {[%clk 0:54:48]}  Nd8 {[%clk 0:44:49]} 26. Qb4 {[%clk 0:52:03]}  Qe7 {[%clk 0:37:32]} 27. Qe4 {[%clk 0:46:37]}  g6 {[%clk 0:28:48]} 28. d4 {[%clk 0:42:12]}  Re6 {[%clk 0:28:10]} 29. Rc4 {[%clk 0:38:01]}  h5 {[%clk 0:22:12]} 30. g3 {[%clk 0:28:08]}  Qf6 {[%clk 0:19:06]} 31. Kg2 {[%clk 0:18:23]}  Re7 {[%clk 0:16:00]} 32. Qc2 {[%clk 0:16:35]}  exd4 {[%clk 0:15:51]} 33. Rdxd4 {[%clk 0:16:11]}  Ne6 {[%clk 0:15:43]} 34. Rd5 {[%clk 0:15:45]}  Nc5 {[%clk 0:10:04]} 35. Rf4 {[%clk 0:12:01]}  Qg7 {[%clk 0:09:59]} 36. h4 {[%clk 0:11:45]}  Re5 {[%clk 0:09:48]} 37. Qc4 {[%clk 0:11:08]}  Rce8 {[%clk 0:08:14]} 38. Rxe5 {[%clk 0:10:52]}  Rxe5 {[%clk 0:08:24]} 39. Bd5 {[%clk 0:11:01]}  Re7 {[%clk 0:08:29]} 40. e4 {[%clk 0:10:45]}  Ne6 {[%clk 0:06:01]} 41. Rf3 {[%clk 0:10:06]}  Qe5 {[%clk 0:05:56]} 42. Qb4 {[%clk 0:06:32]}  Nc5 {[%clk 0:05:42]} 43. Re3 {[%clk 0:06:24]}  Kg7 {[%clk 0:05:41]} 44. f4 {[%clk 0:05:21]}  Qa1 {[%clk 0:05:16]} 45. Re1 {[%clk 0:05:27]}  Qf6 {[%clk 0:05:06]} 46. Re2 {[%clk 0:05:00]}  Rd7 {[%clk 0:04:16]} 47. Qc4 {[%clk 0:04:58]}  Qa1 {[%clk 0:02:57]} 48. Ra2 {[%clk 0:05:08]}  Qb1 {[%clk 0:03:08]} 49. Qd4+ {[%clk 0:03:42]}  f6 {[%clk 0:03:22]} 50. Rb2 {[%clk 0:03:47]}  Qa1 {[%clk 0:03:05]} 51. Qf2 {[%clk 0:01:24]}  Nd3 {[%clk 0:02:18]} 52. Ra2 {[%clk 0:01:38]}  Qb1 {[%clk 0:02:13]} 53. Qd2 {[%clk 0:01:31]}  Qxb5 {[%clk 0:02:18]} 54. Ra3 {[%clk 0:00:38]}  Nc5 {[%clk 0:02:22]} 55. Qa2 {[%clk 0:00:38]}  c6 {[%clk 0:02:04]} 56. Bc4 {[%clk 0:00:52]}  Qb4 {[%clk 0:02:18]} 57. Ra7 {[%clk 0:01:06]}  b5 {[%clk 0:01:49]} 58. Be6 {[%clk 0:00:50]}  Qxe4+ {[%clk 0:01:43]} 59. Kh2 {[%clk 0:01:04]}  Rb7 {[%clk 0:01:22]} 60. Bc8 {[%clk 0:01:05]}  Re7 {[%clk 0:01:30]} 61. Bh3 {[%clk 0:01:06]}  Na4 {[%clk 0:00:40]} 62. Bg2 {[%clk 0:01:19]}  Qe3 {[%clk 0:00:43]} 63. Ra8 {[%clk 0:01:09]}  Qe6 {[%clk 0:00:56]} 64. Qd2 {[%clk 0:01:07]}  Nb6 {[%clk 0:01:04]} 65. Rb8 {[%clk 0:00:54]}  Nd5 {[%clk 0:01:13]} 66. Qa5 {[%clk 0:00:20]}  Re8 {[%clk 0:00:34]} 67. Qa7+ {[%clk 0:00:33]}  Kh6 {[%clk 0:00:28]} 68. Rxe8 {[%clk 0:00:25]}  Qxe8 {[%clk 0:00:42]} 69. Qc5 {[%clk 0:00:39]}  Kg7 {[%clk 0:00:24]} 70. Bxd5 {[%clk 0:00:36]}  cxd5 {[%clk 0:00:38]} 71. Qxd5 {[%clk 0:00:49]}  Qb8 {[%clk 0:00:37]} 72. Qd7+ {[%clk 0:00:52]}  Kh6 {[%clk 0:00:35]} 73. Qe7 {[%clk 0:00:46]}  Qb6 {[%clk 0:00:25]} 74. Qf8+ {[%clk 0:00:56]}  Kh7 {[%clk 0:00:39]} 75. Qf7+ {[%clk 0:01:09]}  Kh6 {[%clk 0:00:50]} 76. Qf8+ {[%clk 0:01:02]}  Kh7 {[%clk 0:01:03]} 77. Qf7+ {[%clk 0:01:16]} 1/2-1/2

[Event "Open"]
[Site "Maastricht, NL"]
[Date "2024.05.18"]
[Round "2"]
[White "Gurevich, Mikhail"]
[Black "Albers, Sasa"]
[Result "1-0"]
[Board "2"]
[WhiteFideId "200930"]
[BlackFideId "1068253"]
[WhiteTitle "GM"]
[WhiteElo "2562"]
[BlackElo "2290"]
[WhiteTeam "BEL"]
[BlackTeam "NED"]
[WhiteClock "0:02:15"]
[BlackClock "0:00:26"]
[Variant "Standard"]

1. c4 {[%clk 2:00:26]}  Nf6 {[%clk 1:57:52]} 2. Nc3 {[%clk 1:59:31]}  e6 {[%clk 1:57:58]} 3. d4 {[%clk 1:58:33]}  Bb4 {[%clk 1:57:59]} 4. e3 {[%clk 1:58:42]}  O-O {[%clk 1:58:06]} 5. Nge2 {[%clk 1:58:53]}  d5 {[%clk 1:58:11]} 6. a3 {[%clk 1:59:02]}  Be7 {[%clk 1:58:22]} 7. cxd5 {[%clk 1:59:02]}  exd5 {[%clk 1:58:31]} 8. g3 {[%clk 1:59:13]}  Re8 {[%clk 1:55:43]} 9. Bg2 {[%clk 1:59:02]}  c6 {[%clk 1:55:52]} 10. O-O {[%clk 1:59:09]}  Nbd7 {[%clk 1:52:11]} 11. b4 {[%clk 1:58:36]}  a5 {[%clk 1:44:54]} 12. Rb1 {[%clk 1:58:14]}  axb4 {[%clk 1:44:34]} 13. axb4 {[%clk 1:58:23]}  h5 {[%clk 1:37:57]} 14. f3 {[%clk 1:50:29]}  Nf8 {[%clk 1:26:01]} 15. h3 {[%clk 1:43:14]}  Be6 {[%clk 1:18:52]} 16. Nf4 {[%clk 1:31:56]}  Qd7 {[%clk 1:18:18]} 17. e4 {[%clk 1:21:19]}  dxe4 {[%clk 1:17:27]} 18. fxe4 {[%clk 1:21:29]}  Bc4 {[%clk 1:16:34]} 19. Rf2 {[%clk 1:19:29]}  Ne6 {[%clk 1:13:16]} 20. e5 {[%clk 1:18:26]}  Nh7 {[%clk 1:09:00]} 21. d5 {[%clk 1:13:04]}  cxd5 {[%clk 1:03:15]} 22. Nfxd5 {[%clk 1:00:44]}  Rad8 {[%clk 0:59:01]} 23. Qxh5 {[%clk 1:00:16]}  g6 {[%clk 0:58:23]} 24. Qg4 {[%clk 0:57:10]}  Bd3 {[%clk 0:52:34]} 25. Rbb2 {[%clk 0:52:11]}  Neg5 {[%clk 0:51:48]} 26. Qxd7 {[%clk 0:44:50]}  Rxd7 {[%clk 0:52:01]} 27. h4 {[%clk 0:44:55]}  Ne6 {[%clk 0:51:46]} 28. Rbd2 {[%clk 0:38:36]}  Bf5 {[%clk 0:49:49]} 29. Nxe7+ {[%clk 0:36:26]}  Rexe7 {[%clk 0:46:01]} 30. Nd5 {[%clk 0:35:41]}  Re8 {[%clk 0:46:11]} 31. Bb2 {[%clk 0:35:54]}  Red8 {[%clk 0:44:20]} 32. Kf1 {[%clk 0:35:52]}  Bh3 {[%clk 0:41:18]} 33. Bxh3 {[%clk 0:31:29]}  Rxd5 {[%clk 0:41:26]} 34. Rxd5 {[%clk 0:30:27]}  Rxd5 {[%clk 0:41:40]} 35. Ke2 {[%clk 0:30:37]}  Nhf8 {[%clk 0:36:56]} 36. Ke3 {[%clk 0:27:48]}  Nd7 {[%clk 0:26:55]} 37. Ke4 {[%clk 0:23:15]}  Rd1 {[%clk 0:24:52]} 38. Bg4 {[%clk 0:17:02]}  Rg1 {[%clk 0:23:32]} 39. Rf3 {[%clk 0:15:09]}  Nb6 {[%clk 0:20:09]} 40. Bd4 {[%clk 0:14:44]}  Nxd4 {[%clk 0:19:23]} 41. Kxd4 {[%clk 0:14:54]}  Rc1 {[%clk 0:18:52]} 42. e6 {[%clk 0:08:16]}  Rc4+ {[%clk 0:11:49]} 43. Ke5 {[%clk 0:03:11]}  Rxg4 {[%clk 0:03:55]} 44. e7 {[%clk 0:01:51]}  Nc4+ {[%clk 0:04:09]} 45. Kd5 {[%clk 0:01:49]}  Nb6+ {[%clk 0:04:23]} 46. Kc5 {[%clk 0:01:54]}  Na4+ {[%clk 0:04:37]} 47. Kb5 {[%clk 0:01:33]}  Re4 {[%clk 0:04:50]} 48. Kxa4 {[%clk 0:01:46]}  Rxe7 {[%clk 0:03:19]} 49. Ka5 {[%clk 0:01:54]}  Kf8 {[%clk 0:02:40]} 50. Kb6 {[%clk 0:01:58]}  Ke8 {[%clk 0:02:20]} 51. Rd3 {[%clk 0:02:10]}  f6 {[%clk 0:01:35]} 52. b5 {[%clk 0:02:16]}  g5 {[%clk 0:01:30]} 53. hxg5 {[%clk 0:02:18]}  fxg5 {[%clk 0:01:44]} 54. Rd5 {[%clk 0:02:27]}  g4 {[%clk 0:00:26]} 55. Rd4 {[%clk 0:02:15]} 1-0